[Event "Druzynowe Mistrzostwa Polski Juniorow 2019 - II Liga"]
[Site "Szczyrk"]
[Date "1899-12-30"]
[Round "4.15"]
[White "Wilk, Igor"]
[Black "Czarniecki, Pawel"]
[Result "1/2-1/2"]
[WhiteTitle "I"]
[BlackTitle "II"]
[WhiteElo "1689"]
[BlackElo "1508"]

1. e4 c5 2. Nf3 e6 3. d4 cxd4 4. Nxd4 a6 5. g3 b5 6. Bg2 Bb7 7. O-O Nf6 8. Re1
Bc5 9. Nb3 Bb6 10. a4 bxa4 11. Rxa4 Bc6 12. Ra3 O-O 13. Nc3 d6 14. Bf4 e5 15.
Be3 Bb7 16. Bxb6 Qxb6 17. Na5 Rd8 18. Nc4 Qc7 19. Ne3 Nbd7 20. f3 Nb6 21. Na4
Rac8 22. Nxb6 Qxb6 23. Rb3 Qa7 24. Kh1 g6 25. Rd3 Qb6 26. b3 Qc5 27. Nc4 Ne8 28.
Re2 a5 29. Red2 Kg7 30. Qa1 Ba6 31. Rd5 Qc7 32. Bf1 Bxc4 33. Bxc4 Ra8 34. Qa4
Nf6 35. R5d3 Rab8 36. Qa3 Ne8 37. Rd5 Ra8 38. Bb5 Qc3 39. R5d3 Qc8 40. Bxe8 Rxe8
41. Qa4 Rd8 42. Rxd6 Rxd6 43. Rxd6 Qxc2 44. Qb5 Qf2 45. Qxe5+ Kg8 46. Qd4 Qf1+
47. Qg1 Qxf3+ 48. Qg2 Qxg2+ 49. Kxg2 Rb8 50. Ra6 Rxb3 51. Rxa5 Kf8 52. h4 Ke7
53. Ra7+ Ke6 54. Ra6+ Ke5 55. Ra7 Kf6 56. Ra6+ Ke5 1/2-1/2

[Event "Druzynowe Mistrzostwa Polski Juniorow 2019 - II Liga"]
[Site "Szczyrk"]
[Date "1899-12-30"]
[Round "4.16"]
[White "Pieczulis, Blazej"]
[Black "Bartoszczuk, Adam"]
[Result "0-1"]
[WhiteTitle "I"]
[BlackTitle "II+"]
[WhiteElo "1480"]
[BlackElo "1293"]

1. d4 d5 2. c4 e6 3. Nc3 Nf6 4. Nf3 Be7 5. e3 O-O 6. Bd3 dxc4 7. Bxc4 b6 8. O-O
Bb7 9. Bd3 Nbd7 10. Qe2 c5 11. Bc2 Rc8 12. Rd1 Qc7 13. Bd2 Rfd8 14. Rac1 Qb8 15.
Be1 Qa8 16. a3 Nd5 17. Nxd5 Bxd5 18. e4 Bb7 19. Bc3 Nf6 20. Re1 cxd4 21. Bxd4
Nxe4 22. Bb3 Nc5 23. Bxc5 Bxc5 24. Red1 Rxd1+ 25. Rxd1 Rd8 26. Rxd8+ Qxd8 27.
Kf1 g6 28. h3 Bd5 29. Bc2 Qf6 30. Bd1 Kg7 31. b4 Bd6 32. Qe3 Qf4 33. Qc3+ f6 34.
Be2 Bc7 35. Kg1 h5 36. Kf1 g5 37. Nxg5 Be5 38. Qd3 Qxg5 39. Bf3 Qc1+ 40. Qd1 Qxd1+
41. Bxd1 Bc4+ 42. Kg1 h4 43. Bc2 Kf7 44. Bd1 Ke7 45. Bc2 Kd6 46. Be4 Bb2 47. g3
Bxa3 48. gxh4 Bxb4 49. h5 f5 50. Bc2 Bc3 51. Kg2 a5 52. Kf3 b5 53. Ke3 b4 54.
f4 b3 55. Bxb3 Bxb3 56. Kd3 Bb2 57. h6 a4 58. h7 Bh8 59. h4 a3 60. h5 a2 61. h6
a1=Q 62. Ke2 Qd1+ 63. Kf2 Bd4+ 64. Kg2 Qg4+ 65. Kf1 Qf3+ 66. Ke1 Qd1# 0-1

[Event "Druzynowe Mistrzostwa Polski Juniorow 2019 - II Liga"]
[Site "Szczyrk"]
[Date "1899-12-30"]
[Round "4.17"]
[White "Pyzio, Amelia"]
[Black "Choinska, Debora"]
[Result "0-1"]
[WhiteTitle "I++"]
[BlackTitle "I++"]
[WhiteElo "1616"]
[BlackElo "1737"]

1. e4 d6 2. d4 Nf6 3. Nc3 Nbd7 4. f4 e5 5. Nf3 exd4 6. Qxd4 c6 7. Be3 d5 8. exd5
Bc5 9. Qd3 Qe7 10. Kd2 O-O 11. Re1 Bxe3+ 12. Rxe3 Qb4 13. Kc1 Qxf4 14. g3 Qc7
15. Bg2 Nxd5 16. Nxd5 cxd5 17. Qxd5 Nf6 18. Qd2 Rd8 19. Rhe1 Be6 20. Qc3 Qb6 21.
Ng5 Rac8 22. Qa3 Qd4 23. R3e2 Bc4 24. Nf3 Qb6 25. Re3 Nd5 26. Re5 Nb4 27. Bh3
Be6 28. Bxe6 fxe6 29. Rxe6 Rxc2+ 30. Kb1 Qxe6 31. Qxb4 Re2 32. Rf1 Qf5+ 33. Ka1
Qxf3 34. Qc4+ Kh8 35. Rc1 Rxh2 36. Qc7 Qd5 37. g4 Rh1 0-1

[Event "Druzynowe Mistrzostwa Polski Juniorow 2019 - II Liga"]
[Site "Szczyrk"]
[Date "1899-12-30"]
[Round "4.18"]
[White "Walendykiewicz, Martyna"]
[Black "Straczek, Wiktoria"]
[Result "1-0"]
[WhiteTitle "I"]
[BlackTitle "I"]
[WhiteElo "1221"]
[BlackElo "1316"]

1. d4 d5 2. Nf3 Nf6 3. e3 e6 4. Bd3 Bd6 5. Nbd2 Nbd7 6. c3 O-O 7. O-O c6 8. e4
e5 9. exd5 Nxd5 10. Nc4 Qc7 11. Nxd6 Qxd6 12. c4 N5f6 13. dxe5 Qc7 14. exf6 Nxf6
15. h3 h6 16. Re1 Be6 17. Be3 Rad8 18. Qc2 Rfe8 19. Rad1 Qa5 20. a3 Qh5 21. Bf4
Bxh3 22. Bg3 Bg4 23. Be2 Qf5 24. Qxf5 Bxf5 25. Rxd8 Rxd8 26. Rd1 Re8 27. Kf1 Bg6
28. Nh4 Bh7 29. Bc7 g5 30. Nf3 Kg7 31. Be5 Re7 32. Rd6 Re6 33. Rxe6 fxe6 34. Nd2
Kf7 35. Bxf6 Kxf6 36. Nb3 b6 37. Nd4 c5 38. Nb5 a5 39. Nd6 Ke7 40. Nc8+ Kd8 41.
Nd6 Ke7 42. Nb5 Be4 43. Nc3 Bc2 44. Ke1 Kd6 45. Kd2 Bf5 46. Bd3 Ke5 47. Ne2 Kd6
48. Ng3 Bxd3 49. Kxd3 Ke5 50. Ke3 Kf6 51. Ke4 Kf7 52. Ke5 Ke7 53. Ne4 g4 54. Nf6
h5 55. Nxh5 Kd7 56. Nf4 g3 57. fxg3 Ke7 58. Nxe6 Kf7 59. Kf5 Kg8 60. Kf6 Kh8 61.
g4 Kh7 62. g5 Kh8 63. Kf7 Kh7 64. g6+ 1-0

[Event "Druzynowe Mistrzostwa Polski Juniorow 2019 - II Liga"]
[Site "Szczyrk"]
[Date "1899-12-30"]
[Round "4.19"]
[White "Swiech, Lukasz"]
[Black "Krawczyk, Wojciech"]
[Result "1/2-1/2"]
[WhiteTitle "II"]
[BlackTitle "I"]
[WhiteElo "1625"]
[BlackElo "1780"]

1. e4 d6 2. d4 Nf6 3. Nc3 g6 4. f4 Bg7 5. Nf3 c6 6. h3 Qc7 7. Be3 b5 8. Bd3 Bb7
9. O-O O-O 10. e5 Nfd7 11. e6 fxe6 12. Ng5 Qc8 13. Nxe6 Rf6 14. Nxg7 Kxg7 15.
Ne4 Rf8 16. Ng5 Rf6 17. f5 Nf8 18. Ne4 Rxf5 19. Rxf5 Qxf5 20. Qd2 Qh5 21. Rf1
Nbd7 22. Qf2 Qd5 23. Qh4 Qe6 24. Bh6+ Kg8 25. Ng5 Qd5 26. Rf7 Qxf7 27. Nxf7 Kxf7
28. Qf4+ Nf6 29. g4 Ne6 30. Qf2 Ke8 31. Be2 a6 32. Bf3 Nc7 33. g5 Nfd5 34. Bg4
Kd8 35. Qf8+ Ne8 36. Qf7 Bc8 37. Bf3 Bxh3 38. Bxd5 cxd5 39. Bf8 Ra7 40. Qxh7 Bf5
41. Qf7 Be4 42. Qe6 Rc7 43. c3 Rb7 44. Kf2 Rc7 45. Qf7 1/2-1/2

[Event "Druzynowe Mistrzostwa Polski Juniorow 2019 - II Liga"]
[Site "Szczyrk"]
[Date "1899-12-30"]
[Round "4.20"]
[White "Knapik, Kamil"]
[Black "Owoc, Jakub"]
[Result "0-1"]
[WhiteTitle "II+"]
[BlackTitle "II"]
[WhiteElo "1583"]
[BlackElo "1614"]

1. c4 c5 2. Nc3 Nc6 3. Nf3 Nf6 4. e3 e5 5. d3 d6 6. Be2 g6 7. O-O Bg7 8. Bd2 O-O
9. Ne1 Be6 10. Nc2 Ne8 11. f4 f5 12. Rb1 Nc7 13. a3 Qd7 14. b4 b6 15. b5 Ne7 16.
Be1 d5 17. cxd5 Nexd5 18. Nxd5 Bxd5 19. e4 Bb7 20. Bg3 Nxb5 21. Ne1 Nd4 22. fxe5
fxe4 23. Rxf8+ Rxf8 24. dxe4 Bxe4 25. Bc4+ Kh8 26. Rb2 Nf3+ 27. gxf3 Qxd1 28.
fxe4 Qd4+ 29. Rf2 Rxf2 30. Bxf2 Qxc4 31. Nf3 Qxe4 32. Ng5 Qg4+ 33. Bg3 Qxg5 34.
e6 Qc1+ 35. Kg2 Qc2+ 36. Kh3 Qf5+ 37. Kg2 Qxe6 38. a4 Qa2+ 39. Kh3 Qxa4 40. Kg2
h5 41. h4 Bf6 42. Kf3 Bxh4 43. Be5+ Kh7 44. Bd4 Qxd4 45. Kg2 Qf2+ 46. Kh1 Qe2
47. Kg1 Kh6 48. Kh1 Kg5 49. Kg1 Kg4 50. Kh1 Kg3 51. Kg1 Qg2# 0-1

[Event "Druzynowe Mistrzostwa Polski Juniorow 2019 - II Liga"]
[Site "Szczyrk"]
[Date "1899-12-30"]
[Round "4.21"]
[White "Krupinski, Mikolaj"]
[Black "Szlosarczyk, Hubert"]
[Result "1/2-1/2"]
[WhiteTitle "II"]
[BlackTitle "I"]
[WhiteElo "1510"]
[BlackElo "1549"]

1. e4 e6 2. d4 d5 3. e5 c5 4. c3 Nc6 5. Nf3 Bd7 6. a3 Qb6 7. b4 cxd4 8. cxd4 Nge7
9. Nc3 Nf5 10. Na4 Qc7 11. Nc5 Bxc5 12. bxc5 h6 13. Be2 O-O-O 14. a4 a6 15. Rb1
f6 16. g4 Nfe7 17. Bf4 f5 18. gxf5 Nxf5 19. Rb6 Rdf8 20. Bc1 g5 21. h3 Nb8 22.
Bd2 Bc6 23. Ba5 Qf7 24. Rh2 Rhg8 25. Rg2 Nh4 26. Rg3 Qf4 27. Qd2 Nxf3+ 28. Bxf3
Nd7 29. Rb4 Qxd2+ 30. Kxd2 Rf4 31. Ke3 Rgf8 32. Bg4 Re8 33. f3 Nf8 34. Bh5 Re7
35. Rg4 Rxg4 36. Bxg4 Nd7 37. Ke2 Nb8 38. Rb6 Nd7 39. Rb4 Nf8 40. Bh5 Rg7 41.
Bg4 Kd7 42. Rb6 Ng6 43. Be1 Nf4+ 44. Ke3 h5 45. Bg3 hxg4 46. hxg4 Ng6 47. Kf2
Rh7 48. Kg2 Nf4+ 49. Bxf4 gxf4 50. a5 Ke7 51. Rb2 Bb5 52. Rb3 Kf7 53. Rb2 Kg6
54. Rb3 Kg5 55. Rb1 Bd3 56. Rb6 Re7 57. Rb3 Bb5 58. Rb2 Rh7 59. Rb1 Be2 60. Rb6
Re7 61. Rb2 Bb5 62. Rb4 Rh7 63. Rb1 Kg6 64. Rb2 Rh6 65. Rb3 Kf7 66. Rb1 Kg6 67.
Rb2 Rh7 68. Rb3 Kg5 69. Rb1 1/2-1/2

[Event "Druzynowe Mistrzostwa Polski Juniorow 2019 - II Liga"]
[Site "Szczyrk"]
[Date "1899-12-30"]
[Round "4.22"]
[White "Duda, Szymon"]
[Black "Wiszniewski, Szymon"]
[Result "0-1"]
[WhiteTitle "II+"]
[BlackTitle "II+"]
[WhiteElo "1380"]
[BlackElo "1473"]

1. e4 c5 2. Nf3 Nc6 3. d4 cxd4 4. Nxd4 Nf6 5. Nc3 d6 6. h3 e6 7. Be2 Bd7 8. O-O
a6 9. f4 Rc8 10. Kh1 b5 11. a3 Be7 12. Be3 e5 13. Nf3 Nh5 14. Kh2 exf4 15. Bc1
Ng3 16. Re1 g5 17. Bd3 Ne5 18. Nd4 Qb6 19. Nce2 h5 20. c3 h4 21. b4 f3 22. Nxg3
hxg3+ 23. Kxg3 Rxc3 24. Bc2 fxg2+ 25. Kxg2 Bxh3+ 26. Kf2 Bg4 27. Re2 Rh2+ 28.
Ke1 Rh1+ 29. Kf2 Rxd1 30. Bxd1 Qxd4+ 31. Ke1 Nf3+ 32. Kf1 Qg1# 0-1

[Event "Druzynowe Mistrzostwa Polski Juniorow 2019 - II Liga"]
[Site "Szczyrk"]
[Date "1899-12-30"]
[Round "4.23"]
[White "Surpeta, Julia"]
[Black "Czarnecka, Lidia"]
[Result "0-1"]
[WhiteTitle "I++"]
[BlackTitle "I++"]
[WhiteElo "1564"]
[BlackElo "1731"]

1. c4 e6 2. Nc3 d5 3. d4 Nf6 4. cxd5 exd5 5. g3 c6 6. Bg2 Bf5 7. Nf3 Bd6 8. O-O
O-O 9. Nh4 Bg6 10. f4 Be4 11. Nxe4 Nxe4 12. Nf5 Re8 13. g4 Bf8 14. Qd3 Qf6 15.
Rf3 Na6 16. a3 Nc7 17. Rh3 Ne6 18. e3 Qg6 19. Qe2 Nf6 20. Rg3 Nxf4 21. Qf3 Nxg2
22. Rxg2 Ne4 23. h4 Nd6 24. Bd2 Nxf5 25. gxf5 Qf6 26. Be1 Bd6 27. h5 Re4 28. Qh3
Rae8 29. Bf2 c5 30. h6 g6 31. Rf1 Qe7 32. Kh1 cxd4 33. exd4 Kh8 34. Qf3 Bf4 35.
Rg4 g5 36. Qb3 Qd7 37. Rg2 Qxf5 38. Qxb7 Qh3+ 39. Kg1 Bh2+ 40. Kh1 Bg3+ 41. Kg1
Bxf2+ 42. Rfxf2 Re1+ 43. Rf1 Qe3+ 44. Rgf2 Qg3+ 45. Kh1 Qxf2 0-1

[Event "Druzynowe Mistrzostwa Polski Juniorow 2019 - II Liga"]
[Site "Szczyrk"]
[Date "1899-12-30"]
[Round "4.24"]
[White "Slusarczyk, Anna"]
[Black "Bar, Klaudia"]
[Result "1/2-1/2"]
[WhiteTitle "I"]
[BlackTitle "I"]
[WhiteElo "1328"]
[BlackElo "1512"]

1. d4 Nf6 2. c4 g6 3. Nc3 Bg7 4. e4 d6 5. Be2 O-O 6. Nf3 Na6 7. Bg5 h6 8. Bh4 g5
9. Bg3 Nh5 10. Nd2 Nxg3 11. hxg3 e5 12. d5 Nc5 13. b4 Nd7 14. Qc1 Re8 15. Nd1
Nf8 16. Ne3 Bd7 17. Ng4 Kh7 18. Qc3 f5 19. Ne3 f4 20. Ng4 Qc8 21. Qf3 Bxg4 22.
Qxg4 Qxg4 23. Bxg4 fxg3 24. fxg3 Ng6 25. Bf5 Bf6 26. Nb3 Kg7 27. c5 Ne7 28. Be6
Nc8 29. Bf5 Rf8 30. Ke2 a6 31. a3 Na7 32. a4 Rad8 33. Rac1 Rf7 34. Be6 Re7 35.
Rc3 c6 1/2-1/2

[Event "Druzynowe Mistrzostwa Polski Juniorow 2019 - II Liga"]
[Site "Szczyrk"]
[Date "1899-12-30"]
[Round "4.25"]
[White "Lichorad, Mateusz"]
[Black "Lewandowski, Wiktor"]
[Result "1/2-1/2"]
[WhiteTitle "I"]
[BlackTitle "II+"]
[WhiteElo "1801"]
[BlackElo "1749"]

1. e4 c5 2. Nf3 e6 3. d4 cxd4 4. Nxd4 Nc6 5. Nc3 Qc7 6. Be2 a6 7. Be3 Nf6 8. O-O
Bb4 9. Na4 Bd6 10. g3 b5 11. Nc3 b4 12. Ndb5 axb5 13. Nxb5 Qb8 14. Nxd6+ Kf8 15.
f4 Ba6 16. Bxa6 Rxa6 17. Qd3 Qa8 18. a3 Kg8 19. Nb5 Qb7 20. a4 h5 21. b3 h4 22.
Bf2 hxg3 23. Bxg3 Ra8 24. Rae1 Rd8 25. e5 Nd5 26. f5 Nce7 27. Nd6 Qb6+ 28. Rf2
Rf8 29. fxe6 fxe6 30. Ref1 Nf5 31. Kh1 Nde3 32. Nxf5 Qc6+ 33. Kg1 Nxf5 34. Qf3
Qc5 35. Kh1 Rh3 36. Kg2 Nh4+ 37. Kxh3 Nxf3 38. Rxf3 Rxf3 39. Rxf3 Qxc2 40. Kg4
Qe2 41. h4 Kh7 42. Bf4 Qd1 43. Bg3 Qe2 44. Bf4 Kg6 45. h5+ Kh7 46. Bg3 Qe4+ 47.
Bf4 Qf5+ 48. Kh4 g5+ 49. hxg6+ Kxg6 50. Rg3+ Kf7 51. Rf3 Ke8 52. Kg3 Kd8 53. Kg2
Kc7 54. Be3 Qg4+ 55. Kf2 Qe4 56. a5 Kc6 57. a6 Qc2+ 58. Kg3 Qg6+ 1/2-1/2

[Event "Druzynowe Mistrzostwa Polski Juniorow 2019 - II Liga"]
[Site "Szczyrk"]
[Date "1899-12-30"]
[Round "4.26"]
[White "Kejna, Piotr"]
[Black "Kupiecki, Szymon"]
[Result "0-1"]
[WhiteTitle "CM"]
[BlackTitle "I"]
[WhiteElo "1726"]
[BlackElo "1573"]

1. e4 e5 2. Nf3 Nc6 3. Bc4 Bc5 4. c3 Nf6 5. d4 exd4 6. e5 d5 7. Bb5 Ne4 8. cxd4
Bb6 9. h3 O-O 10. O-O Bf5 11. Nc3 f6 12. Qb3 Nxd4 13. Nxd4 Bxd4 14. Qxd5+ Qxd5
15. Nxd5 fxe5 16. Ne7+ Kh8 17. Nxf5 Rxf5 18. Bd3 Rxf2 19. Kh2 Rxf1 20. Bxf1 Rf8
21. Be2 Rf2 22. Bf3 Nc5 23. Rb1 e4 24. Bg4 e3 25. Bxe3 Bxe3 26. Re1 h5 27. Bxh5
Bh6 28. Bg6 Rf8 29. Kg3 Bg5 30. Kg4 Bf6 31. Kh5 Nd7 32. g4 Ne5 33. Bf5 Rg8 34.
Bg6 Nxg6 35. Kxg6 Bxb2 36. Re7 Rc8 37. g5 b6 38. h4 Bd4 39. h5 c5 40. h6 gxh6
41. Kxh6 c4 42. g6 c3 0-1

[Event "Druzynowe Mistrzostwa Polski Juniorow 2019 - II Liga"]
[Site "Szczyrk"]
[Date "1899-12-30"]
[Round "4.27"]
[White "Krawczyk, Flawian"]
[Black "Eigner, Jerzy"]
[Result "1/2-1/2"]
[WhiteTitle "I"]
[BlackTitle "II+"]
[WhiteElo "1848"]
[BlackElo "1516"]

1. e4 c5 2. Nf3 e6 3. d4 cxd4 4. Nxd4 Bc5 5. Nb3 Bb6 6. Bd3 Ne7 7. O-O O-O 8. Nc3
f5 9. Bg5 fxe4 10. Nxe4 d5 11. Ng3 Nbc6 12. Qe2 Qd6 13. c4 a5 14. cxd5 exd5 15.
Be3 Bxe3 16. Qxe3 Ne5 17. Nd4 Nxd3 18. Qxd3 Nc6 19. Nb5 Qe5 20. Rad1 Qxb2 21.
Qxd5+ Kh8 22. Nd6 Qf6 23. Nge4 Qe6 24. Qc5 Qxa2 25. Rd2 Qb3 26. Rfd1 a4 27. Rd3
Qe6 28. Ng5 Qg6 29. Qd5 Nd8 30. Ndf7+ Nxf7 31. Nxf7+ Kg8 32. Nh6+ Kh8 33. Nf7+
Kg8 34. Nh6+ 1/2-1/2

[Event "Druzynowe Mistrzostwa Polski Juniorow 2019 - II Liga"]
[Site "Szczyrk"]
[Date "1899-12-30"]
[Round "4.28"]
[White "Komendecki, Antoni"]
[Black "Chmiel, Pawel"]
[Result "1-0"]
[WhiteTitle "II"]
[BlackTitle "II"]
[WhiteElo "1416"]
[BlackElo "1367"]

1. e4 e5 2. Nf3 Nc6 3. d4 exd4 4. Nxd4 Bc5 5. Be3 Bxd4 6. Bxd4 Nxd4 7. Qxd4 Nf6
8. Bc4 d6 9. Nc3 Qe7 10. O-O O-O 11. Rad1 a6 12. a3 Bd7 13. Rfe1 Rfe8 14. Re2
Ng4 15. e5 Nxe5 16. f4 c5 17. Qf2 Bg4 18. fxe5 dxe5 19. Nd5 Qf8 20. Nc7 Red8 21.
Rxd8 Rxd8 22. Rxe5 b5 23. Be2 Qd6 24. Re8+ Rxe8 25. Nxe8 Qe6 26. Bxg4 Qxg4 27.
Qd2 Qe4 28. Nd6 Qe7 29. Nf5 Qe8 30. Qe3 Qd8 31. Nd6 Kf8 32. Qxc5 1-0

[Event "Druzynowe Mistrzostwa Polski Juniorow 2019 - II Liga"]
[Site "Szczyrk"]
[Date "1899-12-30"]
[Round "4.29"]
[White "Kulpa, Zuzanna"]
[Black "Lascar, Maria Elena"]
[Result "1/2-1/2"]
[WhiteTitle "I++"]
[BlackTitle "I+"]
[WhiteElo "1802"]
[BlackElo "1590"]

1. e4 c5 2. g3 e6 3. Bg2 d5 4. exd5 exd5 5. d4 Nf6 6. Nf3 Bd6 7. O-O O-O 8. dxc5
Bxc5 9. Nc3 h6 10. Bf4 Nc6 11. Ne5 Be6 12. Nd3 Bb6 13. Ne2 Rc8 14. c3 Re8 15.
Re1 Qd7 16. Ne5 Nxe5 17. Bxe5 Bxf2+ 18. Kxf2 Ng4+ 19. Kg1 Nxe5 20. Nf4 Bg4 21.
Qxd5 Qxd5 22. Nxd5 Kf8 23. h3 Nf3+ 24. Bxf3 Bxf3 25. Ne3 Rcd8 26. Kf2 Bc6 27.
Rad1 Rd7 28. Nf5 Rxe1 29. Rxe1 Rd2+ 30. Re2 Rxe2+ 31. Kxe2 Bd7 32. Nd6 b6 33.
h4 Ke7 34. Ne4 f5 35. Nf2 Kd6 36. Ke3 g5 37. hxg5 hxg5 38. Kd4 Bc6 39. Nh3 g4
40. Nf4 Be4 41. a3 Bc2 42. b4 1/2-1/2

[Event "Druzynowe Mistrzostwa Polski Juniorow 2019 - II Liga"]
[Site "Szczyrk"]
[Date "1899-12-30"]
[Round "4.30"]
[White "Salamon, Julia"]
[Black "Kulpa, Karolina"]
[Result "1/2-1/2"]
[WhiteTitle "I"]
[BlackTitle "I"]
[WhiteElo "1273"]
[BlackElo "1273"]

1. d4 Nf6 2. c4 e5 3. dxe5 Ng4 4. Nf3 Bc5 5. e3 Nc6 6. h3 Ngxe5 7. Nxe5 Nxe5 8.
Qd5 d6 9. b3 O-O 10. Bb2 Re8 11. Nc3 c6 12. Qd1 Re6 13. g3 Rh6 14. Bg2 Qf6 15.
g4 Qh4 16. Ne4 Bxe3 17. Bxe5 dxe5 18. Qd3 Bd4 19. Rc1 f5 20. gxf5 Bxf5 21. Rc2
Rg6 22. Bf3 Rf8 23. a3 Qf4 24. Ke2 Bxf2 25. Rf1 Bd4 26. c5 Rg3 27. Qc4+ Kh8 28.
Nxg3 Bxc2 29. Qxc2 Qe3+ 30. Kd1 Rxf3 31. Rxf3 Qxf3+ 32. Ne2 Be3 33. Qd3 Qd5 34.
Qxd5 cxd5 35. b4 Kg8 36. Kc2 e4 37. Nc3 Bg5 38. Nxd5 Kf7 39. Kc3 Bf6+ 40. Kc4
Ke6 41. b5 Kd7 42. a4 Be5 43. a5 g5 44. Ne3 Bf6 45. Nd5 Bg7 46. Ne3 Be5 47. Nd5
Bg7 48. Ne3 Be5 49. Nd5 1/2-1/2

[Event "Druzynowe Mistrzostwa Polski Juniorow 2019 - II Liga"]
[Site "Szczyrk"]
[Date "1899-12-30"]
[Round "4.31"]
[White "Tustanowski, Mateusz"]
[Black "Grochol, Kamil"]
[Result "0-1"]
[WhiteTitle "I++"]
[BlackTitle "I"]
[WhiteElo "1948"]
[BlackElo "1714"]

1. e4 e5 2. c4 Nc6 3. Nc3 Bc5 4. d3 d6 5. g3 f5 6. exf5 Bxf5 7. Bg2 Nf6 8. Bg5
O-O 9. Nf3 Nb4 10. Bxf6 Qxf6 11. Ne4 Bxe4 12. dxe4 Nc6 13. O-O Rf7 14. Qe2 Raf8
15. Rad1 Qh6 16. h4 Nd4 17. Nxd4 Bxd4 18. Rxd4 exd4 19. f4 Kh8 20. b4 Qf6 21.
Rd1 Re7 22. Qd3 c5 23. bxc5 dxc5 24. Rd2 Qa6 25. e5 Rb8 26. Bd5 b5 27. Rb2 b4
28. Be4 g6 29. Bd5 Rd8 30. Qe2 Kg7 31. Kf2 Qa3 32. Rb3 Qc1 33. e6 Rf8 34. h5 Rf6
35. Kg2 g5 36. h6+ Kxh6 37. Qe5 Qc2+ 38. Kh1 Qf5 39. Rb2 Qxe5 40. Rh2+ Kg7 41.
fxe5 Rf1+ 42. Kg2 Re1 43. Kf3 Rxe5 44. Kg4 Kg6 45. Rh5 h6 46. Rh2 a5 47. Rf2 h5+
48. Kh3 Re3 49. Rf8 h4 50. Rg8+ Kh7 51. Rxg5 Rxg3+ 52. Kxh4 Rxg5 53. Kxg5 Kg7
54. Kf5 a4 55. Bc6 b3 56. a3 d3 57. Ke5 b2 0-1

[Event "Druzynowe Mistrzostwa Polski Juniorow 2019 - II Liga"]
[Site "Szczyrk"]
[Date "1899-12-30"]
[Round "4.32"]
[White "Oles, Martin"]
[Black "Kukula, Karol"]
[Result "0-1"]
[WhiteTitle "I"]
[BlackTitle "I"]
[WhiteElo "1682"]
[BlackElo "1770"]

1. e4 c5 2. Nf3 e6 3. g3 Nc6 4. Qe2 d6 5. Bg2 Nf6 6. c3 Be7 7. O-O O-O 8. d4 cxd4
9. cxd4 Bd7 10. Nc3 d5 11. exd5 Nxd5 12. Nxd5 exd5 13. Ne5 Nxe5 14. dxe5 Be6 15.
f4 Qd7 16. Bf3 Bc5+ 17. Kh1 d4 18. Qe4 b6 19. Rd1 Rad8 20. Bd2 Qb5 21. f5 Bd5
22. Qg4 Qe2 23. Rf1 Bxf3+ 24. Rxf3 Qxd2 25. f6 Qh6 26. Rf5 g6 27. Re1 d3 28. e6
fxe6 29. f7+ Kh8 30. Rff1 Qh5 31. Qf4 Qd5+ 32. Rf3 Bd4 33. Rd1 g5 34. Qg4 Rxf7
35. Rdxd3 Rdf8 0-1

[Event "Druzynowe Mistrzostwa Polski Juniorow 2019 - II Liga"]
[Site "Szczyrk"]
[Date "1899-12-30"]
[Round "4.33"]
[White "Pisarek, Jan"]
[Black "Jendrowiak, Maciej"]
[Result "0-1"]
[WhiteTitle "I"]
[BlackTitle "II"]
[WhiteElo "1616"]
[BlackElo "1507"]

1. e4 c6 2. d4 d5 3. exd5 cxd5 4. c4 Nf6 5. Nc3 Nc6 6. cxd5 Nxd5 7. Bb5 Nxc3 8.
bxc3 Qd5 9. Bxc6+ Qxc6 10. Qf3 Bd7 11. Bf4 e6 12. Qxc6 Bxc6 13. f3 Be7 14. Ne2
Bb5 15. a4 Ba6 16. Kf2 O-O 17. Rhc1 Rac8 18. Ng3 Rc6 19. Ne4 Rfc8 20. Bd2 f5 21.
Ng3 Bh4 22. Kg1 Bd3 23. Nf1 Rb6 24. g3 Bf6 25. Kf2 e5 26. Be3 Rb2+ 27. Kg1 Rb3
28. dxe5 Bxe5 29. Bd4 Bxd4+ 30. cxd4 Rbc3 31. Rd1 Be2 32. Rd2 Bxf3 33. Kf2 Be4
34. Ne3 Rc1 35. Rxc1 Rxc1 36. d5 Rh1 37. Nf1 Kf7 38. d6 0-1

[Event "Druzynowe Mistrzostwa Polski Juniorow 2019 - II Liga"]
[Site "Szczyrk"]
[Date "1899-12-30"]
[Round "4.34"]
[White "Kubik, Bartosz"]
[Black "Duda, Leon"]
[Result "1/2-1/2"]
[WhiteTitle "II"]
[BlackTitle "II"]
[WhiteElo "1264"]
[BlackElo "1272"]

1. e4 e5 2. Nf3 Nf6 3. Nxe5 d6 4. Nf3 Nxe4 5. Nc3 Nf6 6. d4 Be7 7. Bd3 O-O 8. h3
Nbd7 9. O-O b6 10. Ne2 c5 11. c4 d5 12. Ne5 Bb7 13. cxd5 Nxd5 14. Nxd7 Qxd7 15.
dxc5 Bxc5 16. Nc3 Rad8 17. Bc4 Nxc3 18. Qxd7 Rxd7 19. bxc3 Kh8 20. Bf4 Rc8 21.
Be2 Re7 22. Bg4 Rce8 23. Bg3 h6 24. Rfd1 Bc6 25. Bd6 Bxd6 26. Rxd6 Bb5 27. Rad1
Be2 28. Bxe2 Rxe2 29. Rd8 Rxd8 30. Rxd8+ Kh7 31. Rd7 Rxa2 32. Rxf7 b5 33. Rb7
a6 34. Rb6 Ra3 35. g3 Rxc3 36. Rxa6 b4 37. Kg2 b3 38. Rb6 h5 39. h4 g6 40. Rb7+
Kh6 41. Rb6 Rd3 42. Rb7 Rc3 43. Rb5 Kg7 44. Rb6 Kf7 45. Rb5 Kf6 46. Kf1 Ke6 47.
Ke1 Rc1+ 48. Kd2 Rc2+ 49. Kd1 Rb2 50. f3 Rb1+ 51. Kd2 b2 52. g4 Rg1 53. Rxb2 hxg4
54. fxg4 Rg2+ 55. Kc3 Rxg4 56. Rh2 Kf6 57. Kd3 Ra4 58. Ke3 Kf5 59. h5 Ra3+ 60.
Kd4 g5 61. h6 Ra4+ 62. Ke3 Ra3+ 63. Kd4 Ra8 64. h7 Rh8 65. Rh1 g4 66. Ke3 Re8+
67. Kf2 1/2-1/2

[Event "Druzynowe Mistrzostwa Polski Juniorow 2019 - II Liga"]
[Site "Szczyrk"]
[Date "1899-12-30"]
[Round "4.35"]
[White "Pisarek, Elzbieta"]
[Black "Kroliczek, Gabriela"]
[Result "0-1"]
[WhiteTitle "I"]
[BlackTitle "I++"]
[WhiteElo "1605"]
[BlackElo "1664"]

1. e4 c5 2. Nf3 g6 3. c3 Bg7 4. d4 cxd4 5. cxd4 d5 6. e5 Nc6 7. h3 a6 8. a4 Nh6
9. Be2 O-O 10. O-O Nf5 11. Na3 Qb6 12. Nc2 f6 13. g4 Nh6 14. exf6 exf6 15. Qd3
Nf7 16. Bf4 Re8 17. Ne3 Be6 18. Rfe1 Rad8 19. b3 Nd6 20. Bxd6 Rxd6 21. Rad1 Bf7
22. Nc2 Nd8 23. Nh4 Ne6 24. Ng2 Ng5 25. f4 Ne4 26. f5 Rc8 27. Bf3 Rc3 28. Qe2
Ng5 29. Nce3 Nxh3+ 30. Kh2 Ng5 31. Qf2 Rd8 32. Rc1 Qc7+ 0-1

[Event "Druzynowe Mistrzostwa Polski Juniorow 2019 - II Liga"]
[Site "Szczyrk"]
[Date "1899-12-30"]
[Round "4.36"]
[White "Cieslak, Jessica"]
[Black "Bialek, Alicja"]
[Result "0-1"]
[WhiteTitle "I"]
[BlackTitle "I"]
[WhiteElo "1332"]
[BlackElo "1367"]

1. d4 c5 2. d5 e5 3. e4 d6 4. c4 g6 5. Nc3 Bg7 6. Nge2 Ne7 7. Ng3 O-O 8. Bd3 f5
9. exf5 Nxf5 10. Nge4 a6 11. O-O Nd7 12. a3 Nf6 13. Bd2 Nd4 14. Ne2 Nxe4 15. Bxe4
Qh4 16. Ng3 b5 17. b3 Ra7 18. Be3 Raf7 19. Rb1 Nf5 20. Qd3 Bh6 21. Bxh6 Nxh6 22.
cxb5 Ng4 23. h3 Nxf2 24. Qe3 Bxh3 25. gxh3 Nxh3+ 26. Kg2 Rf2+ 27. Rxf2 Rxf2+ 28.
Qxf2 Nxf2 29. Kxf2 axb5 30. Rf1 Qh2+ 31. Bg2 Qh6 32. Ne4 Qf4+ 33. Ke2 Qh2 34.
Rf2 Qh5+ 35. Bf3 Qf5 36. Bg2 Qg4+ 37. Bf3 Qc8 38. Nxd6 Qa6 39. Ne4 b4+ 40. Ke3
bxa3 41. Ra2 Qf1 42. Nd2 Qc1 43. Kd3 Kf7 44. Be4 h5 45. Bf3 h4 46. Bg4 g5 47.
d6 Qg1 48. d7 Ke7 49. Bf5 h3 50. Bxh3 Qg3+ 51. Kc4 Qxh3 52. Rxa3 Qxd7 53. Nb1
Qd4+ 54. Kb5 Qd3+ 55. Kxc5 Qxb1 56. Kd5 Kf6 0-1

[Event "Druzynowe Mistrzostwa Polski Juniorow 2019 - II Liga"]
[Site "Szczyrk"]
[Date "1899-12-30"]
[Round "4.37"]
[White "Twardowski, Hubert"]
[Black "Gorkiewicz, Mateusz"]
[Result "0-1"]
[WhiteTitle "I"]
[BlackTitle "I"]
[WhiteElo "1830"]
[BlackElo "1985"]

1. e4 e5 2. Bc4 Nf6 3. d3 Nc6 4. Nc3 Na5 5. Nge2 Be7 6. O-O O-O 7. a4 Nxc4 8. dxc4
c6 9. Qd3 d6 10. b3 Qc7 11. Ba3 Rd8 12. Rfd1 Be6 13. Qf3 Rd7 14. h3 Rad8 15. Ng3
Bf8 16. Rd3 d5 17. Bxf8 Kxf8 18. exd5 cxd5 19. cxd5 Nxd5 20. Nxd5 Rxd5 21. Rad1
Rxd3 22. Rxd3 Rxd3 23. Qxd3 g6 24. c4 f5 25. Ne2 Qd7 26. Qe3 Qd6 27. Nc3 a6 28.
Qa7 Qc7 29. Qe3 Kf7 30. Qh6 Ke8 31. Qe3 f4 32. Qd3 Qd7 33. Qe4 Qd4 34. Qxd4 exd4
35. Ne4 f3 36. h4 fxg2 37. Kxg2 Bf5 38. Kf3 Kd7 39. Nf6+ Kc6 40. Nd5 a5 41. Ne7+
Kc5 42. Nd5 Bc2 43. Ke2 Bxb3 44. Nf6 Bxc4+ 45. Kd2 h5 46. Nd7+ Kd6 47. Nf8 Bf7
48. Kd3 Kd5 49. f4 Be8 50. Nh7 Bxa4 51. f5 gxf5 52. Nf6+ Ke5 53. Nxh5 Bb5+ 54.
Kd2 a4 0-1

[Event "Druzynowe Mistrzostwa Polski Juniorow 2019 - II Liga"]
[Site "Szczyrk"]
[Date "1899-12-30"]
[Round "4.38"]
[White "Lambrecht, Tomasz"]
[Black "Sulima, Franciszek"]
[Result "1-0"]
[WhiteTitle "II+"]
[BlackTitle "II"]
[WhiteElo "1601"]
[BlackElo "1357"]

1. d4 Nf6 2. c4 g6 3. Nc3 d5 4. f3 Bg7 5. e4 dxe4 6. fxe4 e5 7. d5 O-O 8. Nf3 Bg4
9. Be2 Nbd7 10. Be3 b6 11. O-O Qe7 12. Qc2 Nh5 13. h3 Bxf3 14. Rxf3 a5 15. Raf1
Nhf6 16. Bd1 Ne8 17. Nb5 Nc5 18. b3 Nb7 19. g4 Ned6 20. Nc3 Kh8 21. Qd2 Kg8 22.
Bc2 Rab8 23. Qe1 Qd7 24. Bg5 h6 25. Bf6 Bxf6 26. Rxf6 Ne8 27. R6f3 Ned6 28. Qh4
Kg7 29. Qf6+ Kg8 30. Qxe5 Rbe8 31. Qf4 Kh7 32. e5 Nc8 33. Ne4 g5 34. Nxg5+ Kg8
35. Bh7+ 1-0